ბათუმის შოთა რუსთაველის სახელმწიფო უნივერსიტეტის ბიბლიოთეკა

ადამიანის უფლებათა ევროპული სასამართლოს განჩინებათა კრებული საქართველოს საქმეებზე, 2010-2011 წლები / (ბიბ.ჩანაწერი № 37615)

000 -ლიდერი
ფიქსირებული სიგრძის საკონტროლო ველი 01311nam a2200229Ia 4500
001 - საკონტროლო ნომერი
საკონტროლო ველი 3587
003 - საკონტროლო ნომრის იდენტიფიკატორი
საკონტროლო ველი GE_BSU
005 - ბოლო ოპერაციის თარიღი და დრო
საკონტროლო ველი 20190627151045.0
008 - ფიქსირებული სიგრძის მონაცემთა ელემენტები - ზოგადი ინფორმაცია
ფიქსირებული სიგრძის საკონტროლო ველი 181216s2011||||ge |||||||||||||| ||geo||
040 ## - კატალოგიზაციის წყარო
Transcribing agency GE_BSU
041 ## - ენის კოდი
Language code of text/sound track or separate title geo
080 ## - უნივერსალური ათობითი კლასიფიკაციის ინდექსი
Universal Decimal Classification number 341.64(4) ა–26
245 ## - ცნობა სათაურის შესახებ
Title ადამიანის უფლებათა ევროპული სასამართლოს განჩინებათა კრებული საქართველოს საქმეებზე, 2010-2011 წლები /
Statement of responsibility, etc შეადგ. და დაამუშავა თინათინ ბეჟაშვილმა.
264 ## - წარმოების, გამოცემის, დისტრიბუციის და სხვა ცნობები
გამოცემის, წარმოების, დისტრიბუციის... ადგილი თბილისი :
გამოცემის, წარმოების, დისტრიბუციის... სახელწოდება საქ. უზენაესი სასამართლო : ადამიანის უფლებათა ცენტრი,
გამოცემის, წარმოების, დისტრიბუციის... თარიღი 2011.
300 ## - ფიზიკური აღწერა
Extent 72 გვ. ;
Other physical details 29 სმ.
504 ## - BIBLIOGRAPHY, ETC. NOTE
Bibliography, etc ბიბლიოგრ. ტექსტ. შენიშვნ.
653 ## - INDEX TERM--UNCONTROLLED
Uncontrolled term ადამიანის უფლებები
653 ## - INDEX TERM--UNCONTROLLED
Uncontrolled term ევროსასამართლოს გადაწყვეტილებები
653 ## - INDEX TERM--UNCONTROLLED
Uncontrolled term ევროპის საბჭო
700 ## - ADDED ENTRY--PERSONAL NAME
Personal name ბეჟაშვილი, თინათინ
Relator term შემდგენელი
9 (RLIN) 2989
942 ## - ADDED ENTRY ELEMENTS (KOHA)
Koha item type წიგნი
Source of classification or shelving scheme
ეგზემპლარები
ჩამოწერის სტატუსი დაკარგული ეგზემპლარის სტატუსი კლასიფიკაციის წყარო ან თაროზე გაწყობის სქემა დაზიანების სტატუსი არ გაიცემა მუდმივი მდებარეობა (დაცვის ადგილი) ამჟამინდელი ადგილსამყოფელი თაროზე განთავსების ადგილი შეძენის თარიღი სრული შენახვის შიფრი შტრიხკოდი ბოლო ოპერაციის თარიღი ეგზემპლარის მიმდევრობითი ნომერი (კეტერი?) ფასის ძალაში შესვლის თარიღი ეგზემპლარის სახეობა საჯარო შენიშვნა
          ბათუმის შოთა რუსთაველის სახელმწიფო უნივერსიტეტის მთავარი ბიბლიოთეკა ბათუმის შოთა რუსთაველის სახელმწიფო უნივერსიტეტის მთავარი ბიბლიოთეკა წიგნსაცავი 2018-12-17 341.64(4) ა–26 5243 2018-12-17 5243 2018-12-17 წიგნი
          ბათუმის შოთა რუსთაველის სახელმწიფო უნივერსიტეტის მთავარი ბიბლიოთეკა ბათუმის შოთა რუსთაველის სახელმწიფო უნივერსიტეტის მთავარი ბიბლიოთეკა წიგნსაცავი 2018-12-17 341.64(4) 5244 2018-12-17 5244 2018-12-17 წიგნი
          ბათუმის შოთა რუსთაველის სახელმწიფო უნივერსიტეტის მთავარი ბიბლიოთეკა ბათუმის შოთა რუსთაველის სახელმწიფო უნივერსიტეტის მთავარი ბიბლიოთეკა წიგნსაცავი 2018-12-17 341.64(4) ა–26 5245 2018-12-17 5245 2018-12-17 წიგნი